| 000 | 004290000a22001810004500 | ||
|---|---|---|---|
| 003 | MACL | ||
| 005 | 20151027143411.0 | ||
| 008 | 151027b xxu||||| |||| 00| 0 eng d | ||
| 040 |
_aMACL _cMACL |
||
| 041 | _aEnglish | ||
| 082 | _a822/THI | ||
| 100 |
_aThiyam, Ratan _95784 |
||
| 245 | _aManipur Trilogy | ||
| 260 |
_bWordSmith Publishers _c2008 _aAssam |
||
| 350 | _a300 | ||
| 650 |
_aDrama _916957 |
||
| 942 |
_cBK _k822/THI _2ddc |
||
| 999 |
_c43954 _d43954 |
||